| 000 | 00592nam a2200181 i 4500 | ||
|---|---|---|---|
| 001 | 52824 | ||
| 003 | ES-MaACL | ||
| 005 | 20250801145852.0 | ||
| 007 | t| | ||
| 008 | 030904s1929 fr ||||1| fre d | ||
| 100 | 1 |
_aDeffoux, Leon. _943202 |
|
| 245 | 1 | 3 |
_aLe naturalisme, avec un florilêge des principaux écrivains naturalistes / _cpar Leon Deffoux. |
| 260 |
_aParis : _bLes oeuvres representatives, _c1929 ( _eAbbeville, Some : _fF. Paillart) |
||
| 300 |
_a286 p. ; _c20 cm. |
||
| 650 | 0 | 7 |
_aNaturalismo (Literatura) _2embne _915490 |
| 852 |
_aES-MaACL _jA-2233 |
||
| 999 |
_c52824 _d52824 |
||